000 00632nam a2200229Ia 4500
003 OSt
005 20220923224830.0
006 a|||||r|||| 00| 0
007 ta
008 Pun
024 _a251,618
037 _cTextual
040 _aARTS
_cARTS
_bPun
041 _2Pun
_aPun
082 _aO153,3N33,PP, M2
100 _aਸਿੰਘ, ਗੁਰਦਿਆਲ
245 0 _aਪਹੁ ਖ਼ੁਟਾਲੇ ਤੋ੍ਵ ਪਹਿਲਾ
260 _c1982
650 _aਪੰਜਾਬੀ ਸਾਹਿਤ
942 _hO153,3N33,PP, M2
_cTEXL
_2CC
999 _c373955
_d373955